000 00760cam a2200229 4500
008 #DATE n1995 000 0 eng u
020 _a0582089522
035 _a(Sirsi) u119471
041 _aeng
050 _a333.32
100 _aKaufmann, J.
245 _aModern cadastres and cadastral innovations: proceedings of a one day seminar held during the Annual Meeting of Commission 7, Cadastre and Rural Land Management, of the International Federation of Surveyors
260 _aMelbourne
_bUniversity of Melbourne
_c1995
300 _a62p.
_c31cm.
650 _aCADASTRAL SURVEYING
650 _aCADASTRE
650 _aLAND INFORMATION SYSTEMS
650 _aLAND REGISTRATION
690 _aLAND
700 _aSteudler, D.
_xEditor
942 _n0
999 _c102323
_d102323